| 000 | 00766nam a2200289Ia 4500 | ||
|---|---|---|---|
| 001 | 12260 | ||
| 005 | 20240113235349.0 | ||
| 007 | ta | ||
| 008 | 170320s1968 ii a g b000 u 465 u | ||
| 040 | _aCotton College Assam | ||
| 041 | _a465 | ||
| 082 |
_a371.26 _bB 968 H |
||
| 100 | _aButcher, H.J.. | ||
| 245 | 0 |
_aHuman Intelligence: Its Nature and Assessment / _cH.J.Butcher. _hTextual Documents |
|
| 250 | _a1st ed. / | ||
| 260 |
_aLondon : _bMethuen and Co. Ltd. , _c1968. |
||
| 300 |
_a314p. : _bill. ; _c22cm . |
||
| 504 | _aIndex | ||
| 653 | _aEducation | ||
| 653 | _aIntelligence-Human | ||
| 653 | _aEducational Psychology | ||
| 653 | _aG-Education | ||
| 942 |
_2ddc _cBK |
||
| 999 |
_c12247 _d12247 |
||